000 00578nam a2200205Ia 4500
005 20250923150059.0
008 008 250917s9999 xx 000 0 eng d
037 _aTextual
040 _aDSWL
_beng
_cDSWL
041 _aeng
_2eng
084 _qDSWL
100 _aBarker, Gary
_9842001
245 0 _aUrban Girls: Empowerment in especially difficult circum stance
_c by Gary Barker
260 _aLondon
_bIntermediate technology Publication
_c2000
300 _a135p.
365 _aINR
_b923.33
925 _g923.33
942 _cTEXL
999 _c1459333
_d1459333